טוען...

Disabled population space in a dynamic labour market setting /

מידע ביבליוגרפי
מחבר ראשי: Cyril George
פורמט: Ph.D Thesis
שפה:Undetermined
יצא לאור: University of Kerala , 2012.
נושאים:
LEADER 00460nam a2200133Ia 4500
001 193657
008 170722s9999 xx 000 0 und d
100 |a Cyril George 
245 |a Disabled population space in a dynamic labour market setting / 
260 |b University of Kerala ,  |c 2012. 
653 |a Economics 
942 |c TH 
999 |c 171348  |d 171348 
952 |0 0  |1 0  |4 0  |6 X_9919P4_Q2_RT  |7 0  |8 RT  |9 236796  |a LIB  |b LIB  |d 2016-05-31  |o X:991-9P4 Q2 (RT)  |p G39335  |r 2017-08-12  |w 2017-08-12  |y TH